000 00361nam a2200145 i 4500
001 bg
100 1 _aMICHALSKA, A.
245 0 _aZawarcie i rozwiązanie umowy o pracę /
_cA. Michalska, T. Radziński.
260 _aWarszawa,
_c1986.
700 1 _aRADZIŃSKI, T.
040 _cBPK
041 _apol
942 _cKS
008 s pl f |000 0 pol
999 _c2980
_d2980
856 _uhttp://koha.tu.koszalin.pl/cgi-bin/koha/opac-detail.pl?biblionumber=2980
_yKatalog online BPK